000
00323nam a2200145Ia 4500
005
20251222153622.0
008
251222s9999||||xx |||||||||||||| ||spa||
020
_a
8475301878
082
_a
330/F84
100
_a
Friedman, Milton
245
0
_a
Libertad de Elegir
250
_a
1ra. ed.
264
_b
Obis
942
_c
LIB
999
_c
32012
_d
32012